Taylor Swift - Toutes les chansons avec des couleurs - Statistiques

Statistiques générales
  • Ce quiz a été pris 33 fois
  • Le résultat moyen est 23 sur 105
Statistiques - réponses
Albums Chansons % Correct
Red Red (Bleu, gris et rouge)
90%
Midnights Maroon (Bordeau)
71%
1989 Blank Space (Rouge)
52%
1989 Style (Blanc et rouge)
52%
evermore champagne problems (Vert)
48%
Lover Daylight (Blanc, doré, noir et rouge)
48%
Lover Cruel Summer (Bleu)
43%
Lover Lover (Bleu)
43%
Fearless Love Story (Blanc et rouge)
43%
Fearless White Horse (Blanc)
43%
Reputation Delicate (Bleu et noir)
38%
1989 Out Of The Woods (Blanc et noir)
38%
1989 Clean (Noir)
33%
Reputation End Game (Doré et rouge)
33%
evermore gold rush (Doré, gris et rose)
33%
The Life of a Showgirl Honey (Blanc et rose)
33%
Midnights Lavender Haze (Violet)
33%
Lover London Boy (Bleu et gris)
33%
Lover Miss Americana and The Heartbreak Prince (Bleu)
33%
1989 "Slut!" (Bleu, orange et rose)
33%
The Tortured Poets Department The Black Dog (Noir)
33%
Taylor Swift Tim McGraw (Bleu et noir)
33%
folklore cardigan (Bleu)
29%
The Life of a Showgirl Elizabeth Taylor (Blanc et violet)
29%
evermore evermore (Gris)
29%
Reputation Gorgeous (Bleu)
29%
1989 I Know Places (Vert)
29%
1989 Is It Over Now? (Blanc, bleu et rouge)
29%
Midnights Karma (feat. Ice Spice) (Blanc)
29%
Reputation Look What You Made Me Do (Rouge)
29%
evermore marjorie (Orange)
29%
1989 New Romantics (Rouge)
29%
1989 Wonderland (Vert)
29%
The Life of a Showgirl Wood (Noir)
29%
Red All Too Well (Bleu et rouge)
24%
Reputation Dancing With Our Hands Tied (Bleu et doré)
24%
Reputation Dress (Doré et noir)
24%
The Life of a Showgirl Eldest Daughter (Violet)
24%
Reputation Getaway Car (Blanc, gris et noir)
24%
Reputation I Did Something Bad (Rouge)
24%
evermore ivy (Blanc)
24%
Lover Paper Rings (Bleu)
24%
The Tortured Poets Department So Long, London (Blanc)
24%
Speak Now Sparks Fly (Vert)
24%
Speak Now Speak Now (Blanc)
24%
folklore the lakes (Rouge)
24%
Red The Lucky One (Noir)
24%
1989 This Love (Bleu)
24%
1989 Wildest Dreams (Rose et rouge)
24%
Lover Afterglow (Bleu et violet)
19%
Midnights Bejeweled (Bleu)
19%
The Tortured Poets Department But Daddy I Love Him (Gris)
19%
Speak Now Dear John (Bleu et bordeau)
19%
The Life of a Showgirl Father Figure (Doré et marron)
19%
The Tortured Poets Department Guilty as Sin (Bleu)
19%
folklore invisible string (Bleu, doré, rose, violet et vert)
19%
Lover It’s Nice To Have A Friend (Rose)
19%
Singles Only the Young (Rouge)
19%
folklore peace (Bleu)
19%
The Life of a Showgirl Ruin the Friendship (Gris)
19%
Reputation So It Goes... (Noir)
19%
Lover Soon You'll Get Better (Orange)
19%
folklore the last great american dynasty (Vert)
19%
Sounds of the Season White Christmas (Blanc)
19%
Taylor Swift A Place In This World (Bleu)
14%
Singles Carolina (Bleu)
14%
Sounds of the Season Christmas Must Be Something More (Doré)
14%
Taylor Swift Cold As You (Gris)
14%
evermore coney island (Bleu, doré et gris)
14%
folklore hoax (Bleu)
14%
The Tortured Poets Department imgonnagetyouback (Gris et violet)
14%
evermore long story short (Doré)
14%
evermore right where you left me (Blanc)
14%
Midnights Snow on the Beach (Vert)
14%
Red State of Grace (Doré)
14%
The Tortured Poets Department The Prophecy (Greige)
14%
The Tortured Poets Department Chloe or Sam or Sophia or Marcus (Bordeau)
10%
Red Everything Has Changed (Bleu et vert)
10%
The Tortured Poets Department Fresh Out the Slammer (Bleu et gris)
10%
evermore happiness (Vert)
10%
Midnights Hits Different (Bleu)
10%
Red Holy Ground (Vert)
10%
Red I Bet You Think About Me (Argent)
10%
The Tortured Poets Department I Hate It Here
10%
The Tortured Poets Department I Look In People's Windows (Doré et rose)
10%
The Tortured Poets Department loml (Blanc et noir)
10%
Red Ronan (Bleu et gris)
10%
Red Run (Bleu)
10%
Red Starlight (Bleu)
10%
Speak Now Superman (Marron)
10%
Fearless The Best Day (Blanc et doré)
10%
Fearless The Other Side Of The Door (Blanc et noir)
10%
Speak Now Timeless (Gris et noir)
10%
Fearless Today Was A Fairytale (Gris)
10%
Fearless Bye Bye Baby (Gris)
5%
Speak Now Castles Crumbling (Doré)
5%
Singles Christmas Tree Farm (Bleu)
5%
Singles Crazier (Bleu)
5%
Red Nothing New (Rouge)
5%
1989 Now That We Don’t Talk (Rouge)
5%
Midnights The Great War (Rouge et violet)
5%
Red The Moment I Knew (Rouge)
5%
Taylor Swift Tied Together With a Smile (Doré)
5%
Midnights You're Losing Me (Gris)
5%
Singles I Heart? (Bleu et noir)
0%
Aucun quiz correspondant
Distribution des résultats
% des personnes avec chaque résultat
Percentile par nombre de réponses
Votre historique - résultats
Vous n’avez pas pris ce quiz